Introduction to using financial accounting information. / (Record no. 7740)
[ view plain ]
| 000 -LEADER | |
|---|---|
| fixed length control field | 01568cam a2200313 a 4500 |
| 001 - CONTROL NUMBER | |
| control field | 16084213 |
| 003 - CONTROL NUMBER IDENTIFIER | |
| control field | OSt |
| 005 - DATE AND TIME OF LATEST TRANSACTION | |
| control field | 20221114095759.0 |
| 008 - FIXED-LENGTH DATA ELEMENTS--GENERAL INFORMATION | |
| fixed length control field | 100204s2011 ohua b 001 0 eng d |
| 010 ## - LIBRARY OF CONGRESS CONTROL NUMBER | |
| LC control number | 2010921982 |
| 020 ## - INTERNATIONAL STANDARD BOOK NUMBER | |
| International Standard Book Number | 9780538453004 |
| 020 ## - INTERNATIONAL STANDARD BOOK NUMBER | |
| International Standard Book Number | 0538453001 |
| 035 ## - SYSTEM CONTROL NUMBER | |
| System control number | (OCoLC)ocn614014200 |
| 040 ## - CATALOGING SOURCE | |
| Original cataloging agency | CTN |
| Transcribing agency | LC |
| Modifying agency | CTN |
| -- | VMY |
| -- | DLC |
| 042 ## - AUTHENTICATION CODE | |
| Authentication code | lccopycat |
| 050 00 - LIBRARY OF CONGRESS CALL NUMBER | |
| Classification number | HF5636.N88 |
| 100 ## - MAIN ENTRY--PERSONAL NAME | |
| Fuller form of name | Norton, Curtis L. |
| 9 (RLIN) | 697 |
| 245 10 - TITLE STATEMENT | |
| Title | Introduction to using financial accounting information. / |
| Statement of responsibility, etc. | Curtis L. Norton, Gary A. Porter. |
| 250 ## - EDITION STATEMENT | |
| Edition statement | 7th ed. |
| 260 ## - PUBLICATION, DISTRIBUTION, ETC. | |
| Place of publication, distribution, etc. | London: |
| Name of publisher, distributor, etc. | South-Western/Cengage Learning, |
| Date of publication, distribution, etc. | 2011. |
| 300 ## - PHYSICAL DESCRIPTION | |
| Extent | xxvii, 769 p. + [various pagings]: |
| Other physical details | col. ill. ; |
| Dimensions | 29 cm. |
| 504 ## - BIBLIOGRAPHY, ETC. NOTE | |
| Bibliography, etc. note | Includes bibliographical references and indexes. |
| 505 ## - FORMATTED CONTENTS NOTE | |
| Formatted contents note | Contents: Accounting as a form of communication -- Financial statements and the annual report -- Processing accounting information --<br/>Income measurement and accrual accounting -- Inventories and cost of goods sold -- Cash and internal control -- Receivables and investments --<br/>Operating assets : property, plant, and equipment, and intangibles -- Current liabilities, contingencies, and the time value of money -- Long-term liabilities -- Stockholders' equity -- The statement of cash flows -- Financial statement analysis. |
| 650 #0 - SUBJECT ADDED ENTRY--TOPICAL TERM | |
| Topical term or geographic name entry element | Accounting. |
| 9 (RLIN) | 62 |
| 700 ## - ADDED ENTRY--PERSONAL NAME | |
| Fuller form of name | Porter, A. Gary |
| 9 (RLIN) | 698 |
| 906 ## - LOCAL DATA ELEMENT F, LDF (RLIN) | |
| a | 7 |
| b | cbc |
| c | copycat |
| d | 3 |
| e | ncip |
| f | 20 |
| g | y-gencatlg |
| 942 ## - ADDED ENTRY ELEMENTS (KOHA) | |
| Source of classification or shelving scheme | Library of Congress Classification |
| Koha item type | Books |
| Withdrawn status | Lost status | Source of classification or shelving scheme | Damaged status | Not for loan | Home library | Current library | Shelving location | Date acquired | Full call number | Barcode | Date last seen | Copy number | Price effective from | Koha item type |
|---|---|---|---|---|---|---|---|---|---|---|---|---|---|---|
| Library of Congress Classification | WISCONSIN INTERNATIONAL UNIVERSITY COLLEGE, GHANA KUMASI LIBRARY | WISCONSIN INTERNATIONAL UNIVERSITY COLLEGE, GHANA KUMASI LIBRARY | General Stacks | 01/11/2019 | HF5636.N88(7e) | K/1120/1120/19 | 19/07/2021 | 1 | 19/07/2021 | Books | ||||
| Library of Congress Classification | WISCONSIN INTERNATIONAL UNIVERSITY COLLEGE, GHANA KUMASI LIBRARY | WISCONSIN INTERNATIONAL UNIVERSITY COLLEGE, GHANA KUMASI LIBRARY | General Stacks | 01/11/2019 | HF5636.N881(7e) | K/1121/1121/19 | 19/07/2021 | 2 | 19/07/2021 | Books |
